Biographia literaria / (Record no. 77281)
[ view plain ]
| 000 -LEADER | |
|---|---|
| fixed length control field | 00912nam a2200301 a 4500 |
| 001 - CONTROL NUMBER | |
| control field | 77281 |
| 003 - CONTROL NUMBER IDENTIFIER | |
| rucl marc code | BD-RjUL |
| 005 - DATE AND TIME OF LATEST TRANSACTION | |
| control field | 20211209082944.0 |
| 008 - FIXED-LENGTH DATA ELEMENTS--GENERAL INFORMATION | |
| fixed length control field | 200309s19071949xx 000 0 eng |
| 035 ## - SYSTEM CONTROL NUMBER | |
| System control number | 08-28959 |
| System control number | (BD-RjUL)77506 |
| 040 ## - CATALOGING SOURCE | |
| Original cataloging agency | DLC |
| Transcribing agency | TOL |
| Modifying agency | m.c |
| -- | OCL |
| -- | EQO |
| Language of cataloging | eng |
| 041 ## - LANGUAGE CODE | |
| Language code of text/sound track or separate title | eng |
| 082 ## - DEWEY DECIMAL CLASSIFICATION NUMBER | |
| Classification number | 821.7 |
| Author mark and year | COB 1949 |
| 100 1# - MAIN ENTRY--PERSONAL NAME | |
| Personal name | Coleridge, Samuel Taylor, |
| Dates associated with a name | 1772-1834. |
| 9 (RLIN) | 240634 |
| 245 10 - TITLE STATEMENT | |
| Title | Biographia literaria / |
| Statement of responsibility, etc. | by S.T. Coleridge ; edited with his Aesthetical essays, by J. Shawcross |
| 260 ## - PUBLICATION, DISTRIBUTION, ETC. (IMPRINT) | |
| Place of publication, distribution, etc. | London : |
| Name of publisher, distributor, etc. | Clarendon Press, |
| Date of publication, distribution, etc. | 1907. |
| 300 ## - PHYSICAL DESCRIPTION | |
| Pagination | V. ; |
| Size | 20 cm |
| 505 ## - FORMATTED CONTENTS NOTE | |
| Formatted contents note | Vol. 1.--V. 2.-- |
| 600 10 - SUBJECT ADDED ENTRY--PERSONAL NAME | |
| Personal name | Wordsworth, William, |
| Dates associated with a name | 1770-1850. |
| Title of a work | Lyrical ballads. |
| 650 #0 - SUBJECT ADDED ENTRY--TOPICAL TERM | |
| Topical term or geographic name as entry element | Poetry. |
| 9 (RLIN) | 240636 |
| Topical term or geographic name as entry element | Criticism. |
| 9 (RLIN) | 240637 |
| Topical term or geographic name as entry element | Aesthetics |
| 9 (RLIN) | 240638 |
| 700 1# - ADDED ENTRY--PERSONAL NAME | |
| Personal name | Shawcross, John T. |
| 942 ## - ADDED ENTRY ELEMENTS (KOHA) | |
| Source of classification or shelving scheme | Dewey Decimal Classification |
| Koha item type | Books |
| Lost status | Source of classification or shelving scheme | Damaged status | Not for loan | Collection code | Permanent Location | Current Location | Shelving location | Date acquired | Source of acquisition | Cost, normal purchase price | Total Checkouts | Full call number | Date last seen | Copy number | Koha item type |
|---|---|---|---|---|---|---|---|---|---|---|---|---|---|---|---|
| Dewey Decimal Classification | Not For Loan | Non-fiction | Central Library, University of Rajshahi | Central Library, University of Rajshahi | Reading Room | 17/01/1958 | O. U. P. | 8.00 | 821.7 COB 1949 V-1 | 09/03/2020 | C-1 | Books | |||
| Dewey Decimal Classification | Not For Loan | Non-fiction | Central Library, University of Rajshahi | Central Library, University of Rajshahi | Reading Room | 17/01/1958 | O. U. P. | 8.00 | 821.7 COB 1949 V-2 | 09/03/2020 | C-1 | Books |